Symbols - Statistics

General Stats
  • This quiz has been taken 28 times
  • The average score is 7 of 12
Answer Stats
Hint Answer % Correct
a symbol representing the national currency of the USA Dollar
100%
a symbol at the end of sentences that represent: extreme happiness, shouting, or surprised Exclamation
100%
a symbol meaning "at" At Sign
94%
a symbol that represents a diologue, such as a character talking Quotation
94%
a symbol meaning "and" Ampersand
76%
a symbol indicating there is a missing 'o' Apostrophe
65%
a short symbol (or punctuation mark) that combines two or more words Hyphen
59%
a symbol that acts like a separator, separating two words or more Slash
47%
a symbol used in literature, math, computing, etc Asterisk
24%
a symbol that breaks apart clauses in a sentence Long Dash
24%
a symbol that can be at the end of lots of reasons. (such as the period) Number
24%
a symbol showing duration or range Short Dash
18%
No matching quizzes found
Score Distribution
Percent of People with Each Score
Percentile by Number Answered
Your Score History
You have not taken this quiz